[Event "OGOLNOPOLSKA OLIMPIADA MLODZIEZY<br/>MISTRZOSTWA POLSKI JUNIOROW 2016 - D12"]
[Site "Olecko"]
[Date "2016-05-07"]
[Round "3.3"]
[White "Marcinczyk, Monika"]
[Black "Nowak, Roksana"]
[Result "1-0"]
[WhiteTitle "I"]
[BlackTitle "II+"]
[WhiteElo "1617"]
[BlackElo "1290"]

1. e4 a6 2. d4 b5 3. Bf4 Bb7 4. Nd2 Nf6 5. Bd3 e6 6. Ngf3 c5 7. c3 cxd4 8. cxd4
Bb4 9. O-O O-O 10. a3 Be7 11. b4 d6 12. Qe2 Nbd7 13. Nb3 Rc8 14. Rac1 Nb6 15.
Rc2 Rxc2 16. Qxc2 Qc8 17. e5 Qxc2 18. Bxc2 dxe5 19. Nxe5 Nfd5 20. Bc1 Rc8 21.
Nc5 Ba8 22. Bb3 f6 23. Ned3 Bxc5 24. Nxc5 Kf7 25. Nxa6 g5 26. Nc5 Re8 27. Re1
h5 28. Bd2 g4 29. Ne4 Ke7 30. Ng3 h4 31. Nf5+ Kd7 32. Nxh4 Rh8 33. Ng6 Rg8 34.
Nf4 Nxf4 35. Bxf4 Nd5 36. Bg3 Rc8 37. a4 Rc3 38. Bd1 Rc1 39. Rf1 Rc4 40. Bxg4
Rxd4 41. Be2 bxa4 42. Bb5+ Bc6 43. Bxc6+ Kxc6 44. b5+ Kxb5 45. Rb1+ Kc5 46. f3
Rb4 47. Rc1+ Kb5 48. h4 a3 49. Bd6 Rb3 50. Ra1 Nb4 51. h5 a2 52. Kh2 Rb1 53. Bxb4
Rxa1 54. Bc3 Rc1 55. Bxf6 a1=Q 56. Bxa1 Rxa1 57. g4 Ra8 58. Kg3 Rf8 59. g5 Rf5
60. Kg4 Kc6 61. g6 Re5 62. h6 Re1 63. h7 Rg1+ 64. Kf4 Rxg6 65. h8=Q Kd7 66. Qh7+
Kd6 67. Qxg6 Ke7 68. Ke5 Kd7 69. Qxe6+ Kc7 70. Kd5 Kb7 71. Qc6+ Ka7 72. Qb5 Ka8
73. Kc6 Ka7 74. Qb7# 1-0

[Event "OGOLNOPOLSKA OLIMPIADA MLODZIEZY<br/>MISTRZOSTWA POLSKI JUNIOROW 2016 - D12"]
[Site "Olecko"]
[Date "2016-05-07"]
[Round "3.4"]
[White "Anyz, Monika"]
[Black "Goraj, Barbara"]
[Result "0-1"]
[WhiteTitle "I"]
[BlackTitle "I"]
[WhiteElo "1255"]
[BlackElo "1605"]

1. e4 c5 2. Nf3 d6 3. d4 cxd4 4. Nxd4 Nf6 5. Nc3 Nc6 6. Be2 e5 7. Nb3 Be7 8. Bg5
Be6 9. Bxf6 Bxf6 10. O-O g6 11. Nd5 Bg7 12. Qd2 O-O 13. Rad1 Qd7 14. Rfe1 Rfd8
15. c3 f5 16. exf5 Bxf5 17. Bc4 Be6 18. Ne3 Bxc4 19. Nxc4 Qe6 20. Ne3 Ne7 21.
Nc2 d5 22. Ncd4 Qd6 23. Nf3 Nf5 24. Rc1 Bh6 25. Qc2 Bxc1 26. Qxc1 e4 27. Nfd4
Nxd4 28. Nxd4 Rf8 29. Qc2 Rae8 30. h3 Rf6 31. Qe2 a6 32. Qe3 b5 33. Rf1 Kg7 34.
Nb3 Ra8 35. Nd4 b4 36. Re1 Rc8 37. cxb4 Qxb4 38. b3 Rc3 39. Qd2 Qc5 40. Rd1 Rd3
41. Qe1 Qxd4 42. Rc1 e3 0-1

[Event "OGOLNOPOLSKA OLIMPIADA MLODZIEZY<br/>MISTRZOSTWA POLSKI JUNIOROW 2016 - D12"]
[Site "Olecko"]
[Date "2016-05-07"]
[Round "3.5"]
[White "Mucha, Marta"]
[Black "Szewc, Dobromila"]
[Result "1-0"]
[WhiteTitle "I"]
[BlackTitle "II"]
[WhiteElo "1425"]
[BlackElo "1066"]

1. d4 d5 2. Nf3 Nf6 3. e3 e6 4. Bd3 c6 5. O-O Nbd7 6. b3 Be7 7. Bb2 O-O 8. Nbd2
Re8 9. Ne5 c5 10. f4 Ne4 11. Nxe4 dxe4 12. Bxe4 Nf6 13. Bd3 Bd7 14. Rf3 Rc8 15.
Rh3 h6 16. Qe2 Bc6 17. Nxc6 Rxc6 18. Bb5 Qd5 19. Bxc6 Qxc6 20. Rd1 Ne4 21. Qg4
f6 22. Rxh6 cxd4 23. Bxd4 Rf8 24. Rh3 Kf7 25. Qh5+ g6 26. Qh7+ Ke8 27. Qxg6+ Kd8
28. Bxf6+ Kc8 29. Bxe7 Qxc2 30. Qxe6+ Kb8 31. Rf1 Rc8 32. Bd6+ Ka8 33. Bc7 Qxc7
34. Qxe4 Qg7 35. Rh7 Qxh7 36. Qxh7 a6 37. Qd7 Rf8 38. Rc1 Ka7 39. Rc7 Rb8 40.
f5 a5 41. f6 a4 42. bxa4 Ka6 43. Qd6+ Ka7 44. Qc5+ Ka6 45. Qb5+ Ka7 46. Qa5# 1-0

[Event "OGOLNOPOLSKA OLIMPIADA MLODZIEZY<br/>MISTRZOSTWA POLSKI JUNIOROW 2016 - D12"]
[Site "Olecko"]
[Date "2016-05-07"]
[Round "3.6"]
[White "Mysliwiec, Natalia"]
[Black "Mirowska, Oliwia"]
[Result "1/2-1/2"]
[WhiteTitle "I"]
[BlackTitle "I+"]
[WhiteElo "1374"]
[BlackElo "1244"]

1. e4 c5 2. Nf3 Nc6 3. d4 cxd4 4. Nxd4 Nf6 5. Nc3 e5 6. Ndb5 d6 7. Bg5 a6 8. Na3
b5 9. Nd5 Be7 10. Bxf6 Bxf6 11. c3 Be6 12. Nxf6+ gxf6 13. Nc2 Ne7 14. Ne3 f5 15.
exf5 Nxf5 16. Nxf5 Bxf5 17. Bd3 Bxd3 18. Qxd3 Qd7 19. Qe4 Rc8 20. Rd1 Rd8 21.
c4 bxc4 22. Qxc4 Qb7 23. Qd5 Qb6 24. b3 Rg8 25. g3 Rg6 26. Qe4 Rf6 27. Rd2 h6
28. Qe3 Qc6 29. Rf1 h5 30. Qg5 Qe4+ 31. Qe3 Qc6 32. Qg5 Qe4+ 33. Qe3 Qc6 34. Qg5
1/2-1/2

[Event "OGOLNOPOLSKA OLIMPIADA MLODZIEZY<br/>MISTRZOSTWA POLSKI JUNIOROW 2016 - D12"]
[Site "Olecko"]
[Date "2016-05-07"]
[Round "3.7"]
[White "Slusarczyk, Milena"]
[Black "Sloniewska, Alicja"]
[Result "1-0"]
[WhiteTitle "I"]
[BlackTitle "II"]
[WhiteElo "1372"]
[BlackElo "1097"]

1. e4 d5 2. exd5 Nf6 3. d4 Nxd5 4. c4 Nb6 5. a4 Bf5 6. a5 N6d7 7. Nc3 Nc6 8. Nf3
Bg4 9. Be2 e6 10. Be3 a6 11. O-O Bb4 12. Qb3 Rb8 13. d5 Bxf3 14. Bxf3 Bxc3 15.
dxc6 bxc6 16. Qxc3 O-O 17. Bxc6 Nf6 18. Bc5 Ng4 19. Bxf8 Kxf8 20. h3 Nf6 21. Rad1
Qe7 22. Qa3 h6 23. Qxe7+ Kxe7 24. Rd2 Rb4 25. Rc2 Kd6 26. Bf3 Ra4 27. Rd1+ Ke7
28. Rc3 Rxa5 29. Ra3 Rc5 30. Rxa6 Ne8 31. Rc6 Ra5 32. b4 Ra4 33. Rb1 Kd7 34. Rc5
Ra2 35. Bc6+ Ke7 36. Bxe8 Kxe8 37. Rxc7 g6 38. b5 Kf8 39. b6 Kg7 40. b7 Ra7 41.
b8=Q Rxc7 42. Qxc7 Kf6 43. Qf4+ Kg7 44. Qe5+ Kf8 45. Qf6 Ke8 46. Rb7 Kf8 47. Qh8#
1-0

[Event "OGOLNOPOLSKA OLIMPIADA MLODZIEZY<br/>MISTRZOSTWA POLSKI JUNIOROW 2016 - D12"]
[Site "Olecko"]
[Date "2016-05-07"]
[Round "3.8"]
[White "Lukasik, Zuzanna"]
[Black "Adamczyk, Zuzanna"]
[Result "0-1"]
[WhiteTitle "II+"]
[BlackTitle "I"]
[WhiteElo "1322"]
[BlackElo "1642"]

1. e4 c6 2. d4 d5 3. Nc3 dxe4 4. Nxe4 Bf5 5. Ng3 Bg6 6. Nf3 Nd7 7. Be2 Qc7 8. c4
e6 9. a3 Ngf6 10. Bd2 a6 11. Bc3 b5 12. Qd2 Bd6 13. O-O O-O 14. Bb4 Bxb4 15. Qxb4
Rab8 16. Qd2 Rfd8 17. Qc3 Qb6 18. b4 Rbc8 19. Rfc1 h6 20. a4 Ne8 21. a5 Qb8 22.
cxb5 cxb5 23. Qb2 Nef6 24. Rxc8 Rxc8 25. Rc1 Nd5 26. h3 Rxc1+ 27. Qxc1 Nxb4 28.
Qb2 Qd6 29. Nf1 Nc6 30. Qd2 Qa3 31. d5 exd5 32. Qxd5 Ndb8 33. Ne5 Nxe5 34. Qxe5
Qf8 35. Qa1 Qd8 36. Qc3 Be4 37. Nd2 Bb7 38. Nb3 Nd7 39. Qd2 Qc7 40. Qe3 Qd8 41.
Qd2 Qe7 42. Bd3 Nc5 43. Nxc5 Qxc5 44. Qa2 Qd5 45. Qxd5 Bxd5 46. Bb1 Kf8 47. f3
Ke7 48. Kf2 Kd6 49. Ke2 Kc5 50. Kd2 b4 51. Kc2 Kb5 52. Kb2 Kxa5 53. Bd3 Kb6 54.
Be2 a5 55. Bd1 Kb5 56. Bc2 a4 57. Bd3+ Bc4 58. Bf5 a3+ 59. Ka1 b3 60. g4 Kb4 61.
Kb1 Kc3 62. h4 a2+ 63. Kc1 a1=Q+ 64. Bb1 b2+ 65. Kd1 Qxb1# 0-1

[Event "OGOLNOPOLSKA OLIMPIADA MLODZIEZY<br/>MISTRZOSTWA POLSKI JUNIOROW 2016 - D12"]
[Site "Olecko"]
[Date "2016-05-07"]
[Round "3.9"]
[White "Czarnecka, Lidia"]
[Black "Pisarek, Elzbieta"]
[Result "1-0"]
[WhiteTitle "I"]
[BlackTitle "I"]
[WhiteElo "1512"]
[BlackElo "1324"]

1. e4 c5 2. Nf3 d6 3. d4 cxd4 4. Nxd4 Nf6 5. Nc3 g6 6. Be3 Bg7 7. f3 O-O 8. Bc4
Nc6 9. Qd2 Bd7 10. g4 Rc8 11. Bb3 Ne5 12. h4 h5 13. gxh5 Nxh5 14. Bh6 e6 15. Bxg7
Kxg7 16. O-O-O a5 17. f4 Nc4 18. Bxc4 Rxc4 19. f5 exf5 20. exf5 Ng3 21. Qd3 Nxh1
22. Qxc4 Ng3 23. fxg6 fxg6 24. Rg1 Nf5 25. h5 Nh4 26. hxg6 Nxg6 27. Ne6+ Bxe6
28. Qxe6 Qf6 29. Qxf6+ Kxf6 30. Ne4+ Ke5 31. Rxg6 Kxe4 32. Rxd6 b5 33. b3 Rf5
34. Kb2 Rc5 35. a3 a4 36. Rd8 Rd5 37. Rxd5 Kxd5 38. bxa4 bxa4 39. Kc3 Kc5 40.
Kd3 Kd5 41. c4+ Kc6 42. Kd4 Kd6 43. c5+ Kc6 44. Kc4 Kc7 45. Kb5 Kb7 46. Kxa4 Kc6
47. Kb4 Kc7 48. Kb5 Kb7 49. c6+ Kc7 50. Kc5 Kc8 51. Kd6 Kd8 52. c7+ Kc8 53. a4
Kb7 54. Kd7 Ka7 55. c8=Q Kb6 56. Qc6+ Ka7 57. Qb5 Ka8 58. Kc7 Ka7 59. Qb7# 1-0

[Event "OGOLNOPOLSKA OLIMPIADA MLODZIEZY<br/>MISTRZOSTWA POLSKI JUNIOROW 2016 - D12"]
[Site "Olecko"]
[Date "2016-05-07"]
[Round "3.10"]
[White "Zarebska, Lena"]
[Black "Libura, Julianna"]
[Result "1-0"]
[WhiteTitle "I"]
[BlackTitle "I"]
[WhiteElo "1452"]
[BlackElo "1266"]

1. e4 c5 2. Nf3 a6 3. d4 cxd4 4. Nxd4 Nf6 5. Nc3 e5 6. Nf3 Bb4 7. Bd3 d5 8. exd5
e4 9. Qe2 Qe7 10. d6 Qxd6 11. Bxe4 Nxe4 12. Qxe4+ Qe6 13. O-O Bxc3 14. Qxe6+ Bxe6
15. bxc3 O-O 16. Nd4 Bd5 17. Re1 Nc6 18. a4 Rfe8 19. Ba3 Rac8 20. Nf5 Rxe1+ 21.
Rxe1 g6 22. Nd6 Rb8 23. Bc1 Na5 24. Re5 Rd8 25. Rxd5 Nc4 26. Bf4 Nxd6 27. Rxd6
Rc8 28. Rd3 Rc4 29. Be5 f5 30. Rd4 Rc8 31. Kf1 1-0

[Event "OGOLNOPOLSKA OLIMPIADA MLODZIEZY<br/>MISTRZOSTWA POLSKI JUNIOROW 2016 - D12"]
[Site "Olecko"]
[Date "2016-05-07"]
[Round "3.11"]
[White "Trzaskowska, Hanna"]
[Black "Matyjasek, Michalina"]
[Result "1-0"]
[WhiteTitle "I"]
[BlackTitle "II"]
[WhiteElo "1390"]
[BlackElo "1263"]

1. e4 c5 2. Nf3 Nc6 3. d4 cxd4 4. Nxd4 g6 5. c4 Bg7 6. Be3 Nf6 7. Nc3 O-O 8. Be2
e6 9. Qd2 d5 10. exd5 exd5 11. Nxc6 bxc6 12. Rd1 Be6 13. Bh6 Rb8 14. Bxg7 Kxg7
15. b3 Re8 16. O-O Qc7 17. cxd5 Nxd5 18. Nxd5 Bxd5 19. Qc3+ Kg8 20. Bf3 Qe5 21.
Qxe5 Rxe5 22. Bxd5 cxd5 23. f4 Re2 24. Rf2 Rxf2 25. Kxf2 Rc8 26. Rd2 Kf8 27. Re2
f6 28. Ke3 Ke7 29. Kd4+ Kd6 30. g4 a5 31. f5 Rc1 32. Re6+ Kd7 33. Kxd5 Rc2 34.
Rxf6 gxf5 35. Rxf5 Rxh2 36. Rh5 Rxh5+ 37. gxh5 h6 38. Ke5 Ke7 39. Kf5 Kf7 40.
a3 Ke7 41. Kg6 1-0

[Event "OGOLNOPOLSKA OLIMPIADA MLODZIEZY<br/>MISTRZOSTWA POLSKI JUNIOROW 2016 - D12"]
[Site "Olecko"]
[Date "2016-05-07"]
[Round "3.12"]
[White "Krzyzosiak, Anna"]
[Black "Szczypawka, Aleksandra"]
[Result "1/2-1/2"]
[WhiteTitle "I"]
[BlackTitle "I"]
[WhiteElo "1263"]
[BlackElo "1378"]

1. e4 e5 2. Nf3 Nc6 3. d4 exd4 4. Nxd4 Nxd4 5. Qxd4 d6 6. Nc3 Nf6 7. Bc4 g6 8.
Bg5 Bg7 9. Nd5 Nh5 10. Qe3 f6 11. Bh6 g5 12. Bxg7 Nxg7 13. Qd4 Rf8 14. O-O-O Be6
15. Rhe1 c6 16. Ne3 Qd7 17. Qxd6 Qxd6 18. Rxd6 Ke7 19. Red1 Rad8 20. Rxd8 Rxd8
21. Rxd8 Kxd8 22. Kd2 Kd7 23. Kd3 Kd6 24. Bxe6 Nxe6 25. Nc4+ Kc5 26. Kc3 Nf4 27.
a4 Ne2+ 28. Kd2 Kxc4 29. Kxe2 Kd4 30. Kf3 h5 31. h3 b5 32. Ke2 Kxe4 33. Kd2 Kd4
34. axb5 cxb5 35. c3+ Kc4 36. Kc2 a5 37. f3 h4 38. b3+ Kd5 39. Kb2 Ke5 40. Ka3
Kd5 41. Kb2 Kc5 42. Ka3 b4+ 43. cxb4+ axb4+ 44. Ka4 1/2-1/2

[Event "OGOLNOPOLSKA OLIMPIADA MLODZIEZY<br/>MISTRZOSTWA POLSKI JUNIOROW 2016 - D12"]
[Site "Olecko"]
[Date "2016-05-07"]
[Round "3.13"]
[White "Wawrzyniak, Weronika"]
[Black "Pawlak, Emilia"]
[Result "1/2-1/2"]
[WhiteTitle "I"]
[BlackTitle "II"]
[WhiteElo "1358"]
[BlackElo "1196"]

1. d4 Nf6 2. c4 g6 3. Nc3 Bg7 4. e4 d6 5. Nf3 O-O 6. Be2 e5 7. d5 Nbd7 8. O-O Nc5
9. Nd2 Ne8 10. b4 Na6 11. Rb1 f5 12. exf5 Bxf5 13. Nde4 h6 14. Bd3 Kh8 15. Ng3
Bxd3 16. Qxd3 Qf6 17. Nce4 Qf7 18. Be3 Nf6 19. b5 Nb8 20. h3 Nbd7 21. Qd2 Kh7
22. a4 Nxe4 23. Nxe4 Nf6 24. f3 Rfd8 25. Nxf6+ Qxf6 26. a5 b6 27. Ra1 Rab8 28.
axb6 axb6 29. Ra7 Rdc8 30. Qd3 Qe7 31. Re1 Qh4 32. Bf2 Qe7 33. f4 Ra8 34. Rxa8
Rxa8 35. fxe5 dxe5 36. h4 Re8 37. h5 e4 38. hxg6+ Kxg6 39. Qg3+ Kh7 40. Qe3 Kh8
41. Qd2 Kh7 42. Be3 Qa3 43. Rf1 Qe7 44. Rd1 Qd6 45. Rf1 1/2-1/2

[Event "OGOLNOPOLSKA OLIMPIADA MLODZIEZY<br/>MISTRZOSTWA POLSKI JUNIOROW 2016 - D12"]
[Site "Olecko"]
[Date "2016-05-07"]
[Round "3.14"]
[White "Jedrzejko, Martyna"]
[Black "Kroliczek, Gabriela"]
[Result "1-0"]
[WhiteTitle "II+"]
[BlackTitle "I"]
[WhiteElo "1257"]
[BlackElo "1357"]

1. e4 e5 2. Nf3 Nc6 3. Bc4 Nf6 4. d3 Be7 5. c3 d5 6. exd5 Nxd5 7. Bb5 Bd6 8. O-O
O-O 9. Re1 Nde7 10. Nbd2 a6 11. Ba4 Bf5 12. Ne4 Bxe4 13. dxe4 Kh8 14. Bb3 f6 15.
Be3 Na5 16. Be6 Ng8 17. b4 Nc6 18. Bb3 Qe7 19. Qc2 g6 20. Rad1 f5 21. exf5 gxf5
22. a4 f4 23. Bc1 Qf6 24. Qe4 Rae8 25. Bc2 Re7 26. Bb2 Qg7 27. Nh4 Qg5 28. Nf5
Nf6 29. Qe2 Ref7 30. Nxd6 cxd6 31. f3 Ne8 32. b5 axb5 33. axb5 Ne7 34. c4 Nf5
35. Bxf5 Qxf5 36. Rd5 Qe6 37. Red1 Rd7 38. c5 Rf5 39. cxd6 Rxd6 40. Rxd6 Nxd6
41. Re1 Nc4 42. Bc1 Qb6+ 43. Kh1 Qxb5 44. Qe4 Nd6 45. Qc2 Qc4 46. Qb2 Qa6 47.
Kg1 Qa7+ 48. Kh1 Qa5 49. Rd1 Qa6 50. Qd2 Nf7 1-0

[Event "OGOLNOPOLSKA OLIMPIADA MLODZIEZY<br/>MISTRZOSTWA POLSKI JUNIOROW 2016 - D12"]
[Site "Olecko"]
[Date "2016-05-07"]
[Round "3.15"]
[White "Bienko, Jagoda"]
[Black "Chojnowska, Karolina"]
[Result "1-0"]
[WhiteTitle "I"]
[BlackTitle "II"]
[WhiteElo "1354"]
[BlackElo "1146"]

1. d4 c5 2. d5 e5 3. c4 d6 4. e4 Nf6 5. Nc3 Be7 6. Nf3 O-O 7. Be2 Nbd7 8. Bg5 a6
9. O-O Ne8 10. Bxe7 Qxe7 11. Nd2 g6 12. f3 Ng7 13. Qc2 f5 14. Bd3 Nf6 15. Rae1
Bd7 16. a4 Nfh5 17. Ne2 Qg5 18. Rf2 Rad8 19. Nc3 f4 20. Bf1 Nf6 21. Kh1 h5 22.
Ne2 Kf7 23. Ng1 h4 24. Qb3 Bc8 25. Nh3 Bxh3 26. gxh3 Rd7 27. Rg2 Qh6 28. Be2 Ngh5
29. Kg1 Nh7 30. Bf1 Ng5 31. Rf2 Ng3 32. Bg2 Rh8 33. a5 Qf8 34. Qa4 Re7 35. Qb3
Qc8 36. Qb6 Rd8 37. Nf1 Ke8 38. b4 cxb4 39. Qxb4 Nxh3+ 40. Bxh3 Qxh3 41. c5 dxc5
42. Qxc5 Nxf1 43. Rexf1 g5 44. Qb6 Rg7 45. Qh6 Kf7 46. Rb1 Kg8 47. Qf6 Re8 48.
Rbf1 g4 49. Rg2 Ree7 50. Qf5 Ref7 51. Qc8+ Kh7 52. Qe6 Rc7 53. Qf5+ Rg6 54. Qh5+
Kg7 55. Qxe5+ Kh6 56. Qxf4+ Rg5 57. Qxc7 gxf3 58. Rxg5 Kxg5 59. Qg7+ Kh5 60. Qf7+
Kg5 61. Qxf3 1-0

[Event "OGOLNOPOLSKA OLIMPIADA MLODZIEZY<br/>MISTRZOSTWA POLSKI JUNIOROW 2016 - D12"]
[Site "Olecko"]
[Date "2016-05-07"]
[Round "3.16"]
[White "Szyszko, Aleksandra"]
[Black "Chrobot, Patrycja"]
[Result "0-1"]
[WhiteTitle "II"]
[BlackTitle "I"]
[WhiteElo "1254"]
[BlackElo "1345"]

1. e4 c5 2. Nf3 e6 3. d4 cxd4 4. Nxd4 a6 5. Bd3 Qc7 6. O-O b5 7. Nd2 Bb7 8. Re1
Nf6 9. N2f3 Be7 10. Qe2 O-O 11. e5 Nd5 12. Be4 d6 13. h3 dxe5 14. Nxe5 Bf6 15.
Nef3 Nd7 16. c3 g6 17. Bg5 Bg7 18. Qd2 Rfe8 19. Rac1 Ne5 20. Bh6 Bf6 21. Bg5 Bg7
22. Bh6 Bf6 23. Bg5 Bh8 24. Bh6 Nc4 25. Qc2 f5 26. Bd3 e5 27. Bxc4 Qxc4 28. Nb3
a5 29. a3 a4 30. Nbd2 Qc7 31. c4 Rac8 32. b3 e4 33. Nh2 Nb6 34. c5 axb3 35. Nxb3
Nc4 36. Nd2 Qxc5 37. Nxc4 bxc4 38. Qa2 Bd5 39. Red1 Red8 40. Qd2 c3 41. Qg5 Qd6
42. h4 Bf6 43. Qe3 Qxa3 44. Bg5 Qa6 45. Nf1 Kf7 46. Ng3 Bxg5 47. Qxg5 Qf6 48.
Qf4 Bb3 49. Rxd8 Qxd8 50. Ne2 c2 51. Kh2 Qc7 52. Qxc7+ Rxc7 53. Nd4 Ba4 54. g3
Rd7 55. Ne2 Rd1 56. Kg2 Ke6 57. Kh2 Kd6 58. Kg2 Kc5 59. f3 Kc4 60. fxe4 fxe4 61.
Kf2 Kd3 62. Nf4+ Kd2 63. Ne2 Rxc1 0-1

[Event "OGOLNOPOLSKA OLIMPIADA MLODZIEZY<br/>MISTRZOSTWA POLSKI JUNIOROW 2016 - D12"]
[Site "Olecko"]
[Date "2016-05-07"]
[Round "3.17"]
[White "Czerwinska, Oliwia"]
[Black "Bugaj, Hanna"]
[Result "0-1"]
[WhiteTitle "II"]
[BlackTitle "II"]
[WhiteElo "1203"]
[BlackElo "1417"]

1. e4 e6 2. d4 d5 3. e5 c5 4. c3 Nc6 5. Nf3 Qb6 6. a3 Nge7 7. b4 cxd4 8. cxd4 Nf5
9. Be3 Be7 10. Nc3 Bd7 11. Be2 Rc8 12. Rc1 O-O 13. O-O a5 14. Na4 Qd8 15. b5 Na7
16. Qb3 Qe8 17. Rxc8 Qxc8 18. Rc1 Qe8 19. Nc3 f6 20. a4 Qg6 21. h3 Nxe3 22. fxe3
f5 23. Nxd5 exd5 24. Qxd5+ Be6 25. Qxb7 Rf7 26. Qxa7 Bg5 27. Rc7 Rxc7 28. Qxc7
Bxe3+ 29. Kh1 f4 30. Qd8+ Kf7 31. Qc7+ Kg8 32. Qxa5 Bf2 33. Qd8+ Kf7 34. Qc7+
Kg8 35. Bc4 Qb1+ 36. Ne1 Qxe1+ 37. Bf1 Qxf1+ 38. Kh2 Bg3# 0-1

[Event "OGOLNOPOLSKA OLIMPIADA MLODZIEZY<br/>MISTRZOSTWA POLSKI JUNIOROW 2016 - D12"]
[Site "Olecko"]
[Date "2016-05-07"]
[Round "3.18"]
[White "Gebal, Katarzyna"]
[Black "Sokol, Maria"]
[Result "1-0"]
[WhiteTitle "II"]
[BlackTitle "II"]
[WhiteElo "1252"]
[BlackElo "1175"]

1. e4 c5 2. Nf3 e6 3. d4 cxd4 4. Nxd4 a6 5. Nc3 Qc7 6. Be3 Nf6 7. Bd3 b5 8. a3
Bb7 9. Qe2 Be7 10. O-O O-O 11. Bg5 Nc6 12. Nf3 Ne5 13. Nxe5 Qxe5 14. f4 Qd4+ 15.
Kh1 h6 16. Bh4 e5 17. fxe5 Qxe5 18. Rf5 Qe6 19. e5 Nd5 20. Nxd5 Bxd5 21. Bxe7
Qxe7 22. Rd1 Be6 23. Rff1 Qg5 24. Be4 Bg4 25. Qd3 Rad8 26. Rde1 Be6 27. Rf3 Kh8
28. Qd6 Qh4 29. Ree3 Bg4 30. Rf1 Qg5 31. Ree1 Be6 32. Bf3 Bc4 33. Rg1 a5 34. Bd5
Qg6 35. Qxg6 fxg6 36. Bxc4 bxc4 37. Re4 d5 38. Rd4 Rf5 39. Re1 Kg8 40. Kg1 Kf7
41. g4 Rf3 42. Kg2 Ke6 43. Kxf3 Rf8+ 44. Kg3 Rb8 45. Rb1 g5 46. b3 Kxe5 47. Rdd1
c3 48. Rd3 d4 49. Re1+ Kd5 50. Re7 Kd6 51. Re4 Kc5 52. Rdxd4 Kb5 53. a4+ Ka6 54.
Rd6+ Ka7 55. Re7+ Rb7 56. Rxb7+ Kxb7 57. Rd3 1-0

[Event "OGOLNOPOLSKA OLIMPIADA MLODZIEZY<br/>MISTRZOSTWA POLSKI JUNIOROW 2016 - D12"]
[Site "Olecko"]
[Date "2016-05-07"]
[Round "3.19"]
[White "Krzyzosiak, Marta"]
[Black "Tomaszek, Katarzyna"]
[Result "1-0"]
[WhiteTitle "II"]
[BlackTitle "II"]
[WhiteElo "1345"]
[BlackElo "1134"]

1. e4 d6 2. d4 Nf6 3. Nc3 c6 4. Nf3 Bg4 5. Bd3 e6 6. Bg5 Be7 7. O-O O-O 8. Qe2
d5 9. e5 Nfd7 10. Bxe7 Qxe7 11. h3 Bh5 12. Qe3 Qb4 13. Rab1 Bxf3 14. a3 Qb6 15.
gxf3 c5 16. dxc5 Nxc5 17. Nb5 Nc6 18. f4 a6 19. Nd6 a5 20. Nxb7 Qxb7 21. Qxc5
Rfc8 22. Qe3 Rab8 23. c3 a4 24. Qe2 Qa7 25. Kh2 g6 26. Rg1 Rb6 27. f5 Qc7 28.
f4 Ne7 29. f6 Nc6 30. Qh5 Qd8 31. Rg2 Rcb8 32. Qg5 Qc8 33. h4 R6b7 34. h5 Na5
35. Ba6 Nc4 36. Bxb7 Rxb7 37. Ra1 Rxb2 38. Rxb2 Nxb2 39. Qh6 Qf8 40. Qxf8+ Kxf8
41. Rb1 Nc4 42. Rb8# 1-0

[Event "OGOLNOPOLSKA OLIMPIADA MLODZIEZY<br/>MISTRZOSTWA POLSKI JUNIOROW 2016 - D12"]
[Site "Olecko"]
[Date "2016-05-07"]
[Round "3.20"]
[White "Wojtas, Julia"]
[Black "Lewandowska, Weronika"]
[Result "1-0"]
[WhiteTitle "I"]
[BlackTitle "I"]
[WhiteElo "1274"]
[BlackElo "1110"]

1. e4 e6 2. d4 d5 3. Nc3 Bb4 4. e5 c5 5. a3 Bxc3+ 6. bxc3 c4 7. Qg4 g6 8. Bg5 Qb6
9. Ne2 Qb2 10. Rc1 Qxa3 11. h4 h6 12. Bd2 a5 13. Nf4 a4 14. Nxg6 Rh7 15. Rh3 Rg7
16. h5 fxg6 17. hxg6 Ne7 18. Rxh6 Qb2 19. Rh7 Nf5 20. Qh5 a3 21. Rxg7 Nxg7 22.
Qh8+ Kd7 23. Qxg7+ Kc6 24. Qe7 a2 25. Qc5+ Kd7 26. Qd6+ Ke8 27. g7 Kf7 28. Qf8+
Kg6 29. g8=Q+ Kh5 30. Qg5# 1-0

[Event "OGOLNOPOLSKA OLIMPIADA MLODZIEZY<br/>MISTRZOSTWA POLSKI JUNIOROW 2016 - D12"]
[Site "Olecko"]
[Date "2016-05-07"]
[Round "3.21"]
[White "Szewczyk, Malwina"]
[Black "Matusik, Zuzanna"]
[Result "0-1"]
[WhiteTitle "II"]
[BlackTitle "II"]
[WhiteElo "1253"]
[BlackElo "1060"]

1. e4 e5 2. Nf3 Nc6 3. Bc4 Be7 4. Nc3 Nf6 5. d3 h6 6. Be3 d6 7. Qd2 Be6 8. Nd5
a6 9. a4 Bxd5 10. Bxd5 Qd7 11. Bc4 O-O 12. O-O-O d5 13. exd5 Nxd5 14. Bxh6 gxh6
15. Qxh6 Nf4 16. Nxe5 Ne2+ 17. Kd2 Nxe5 18. Kxe2 Nxc4 19. dxc4 Qg4+ 20. f3 Qxc4+
21. Ke1 Rad8 22. Rxd8 Rxd8 23. Qc1 Re8 24. Kf2 Qd4+ 25. Kg3 Bd6+ 26. Kh3 Qh8+
27. Kg4 Qd4+ 28. Kh3 Qe5 29. f4 Qf5+ 30. g4 Qd5 31. Rf1 Qd4 32. Rf3 Qh8+ 33. Kg3
Qh6 34. h4 Qg6 35. h5 Qf6 36. Qh1 Re4 37. Qc1 Kf8 38. g5 Qxg5+ 39. Kf2 Bc5+ 40.
Re3 Bxe3+ 41. Qxe3 Qh4+ 42. Qg3 Rxf4+ 43. Kg2 Rg4 44. Qxg4 Qxg4+ 45. Kf2 Qxh5
46. Ke3 Qd5 47. b3 f5 48. c4 Qd1 49. Kf4 Qxb3 50. Kxf5 Qxc4 0-1

[Event "OGOLNOPOLSKA OLIMPIADA MLODZIEZY<br/>MISTRZOSTWA POLSKI JUNIOROW 2016 - D12"]
[Site "Olecko"]
[Date "2016-05-07"]
[Round "4.1"]
[White "Dylag, Emilia"]
[Black "Marcinczyk, Monika"]
[Result "0-1"]
[WhiteTitle "I"]
[BlackTitle "I"]
[WhiteElo "1768"]
[BlackElo "1617"]

1. Nf3 d5 2. d4 Bf5 3. e3 e6 4. Bd3 Bg6 5. c4 dxc4 6. Bxc4 Nd7 7. Nc3 Ngf6 8. O-O
Bd6 9. Re1 O-O 10. e4 e5 11. Bg5 Re8 12. h3 h6 13. Bh4 exd4 14. Nxd4 Be5 15. Nd5
c6 16. Nxf6+ Nxf6 17. Nf5 b5 18. Bb3 Bxb2 19. Qxd8 Raxd8 20. Rad1 Rxd1 21. Rxd1
Rxe4 22. Bxf6 Bxf6 23. Ng3 Rd4 24. Rc1 Rd6 25. a4 a6 26. axb5 axb5 27. Bd1 Bb2
0-1

[Event "OGOLNOPOLSKA OLIMPIADA MLODZIEZY<br/>MISTRZOSTWA POLSKI JUNIOROW 2016 - D12"]
[Site "Olecko"]
[Date "2016-05-07"]
[Round "4.2"]
[White "Goraj, Barbara"]
[Black "Wikar, Martyna"]
[Result "0-1"]
[WhiteTitle "I"]
[BlackTitle "I+"]
[WhiteElo "1605"]
[BlackElo "1726"]

1. e4 c5 2. Nf3 a6 3. c4 Nc6 4. d4 cxd4 5. Nxd4 e5 6. Nc2 Nf6 7. Nc3 Be7 8. Be2
O-O 9. Be3 d6 10. O-O Be6 11. f3 Rc8 12. Qd2 Nd7 13. g4 h5 14. h3 Re8 15. Kh2
Bf8 16. Rg1 hxg4 17. hxg4 Na5 18. b3 b5 19. Kg3 bxc4 20. b4 Nc6 21. Rh1 f6 22.
Nd5 Ne7 23. Bd1 Bxd5 24. exd5 f5 25. f4 Nf6 26. Qh2 exf4+ 27. Bxf4 Nexd5 28. Bf3
Nxf4 29. Kxf4 d5 30. Bxd5+ Qxd5 31. Qh8+ Kf7 32. Kg5 Ne4+ 33. Kh5 f4+ 0-1

[Event "OGOLNOPOLSKA OLIMPIADA MLODZIEZY<br/>MISTRZOSTWA POLSKI JUNIOROW 2016 - D12"]
[Site "Olecko"]
[Date "2016-05-07"]
[Round "4.3"]
[White "Hertlein, Irena"]
[Black "Mucha, Marta"]
[Result "1-0"]
[WhiteTitle "I"]
[BlackTitle "I"]
[WhiteElo "1397"]
[BlackElo "1425"]

1. d4 d5 2. Nf3 Nf6 3. c4 e6 4. g3 c6 5. Qc2 Bd6 6. Bg2 Nbd7 7. O-O O-O 8. Nbd2
e5 9. cxd5 cxd5 10. dxe5 Nxe5 11. Nxe5 Bxe5 12. Nf3 Bd6 13. b3 b6 14. Rd1 Bb7
15. Qb2 h6 16. Be3 Bc5 17. Nd4 Ng4 18. Bf4 Qf6 19. Bf3 Ne5 20. Bxe5 Qxe5 21. e3
Rac8 22. Qe2 Rfe8 23. Qf1 Be7 24. Qb5 Bf6 25. Rac1 Qd6 26. Nf5 Qa3 27. Rxc8 Rxc8
28. Qd7 Qa6 29. Nd6 Rd8 30. Qxf7+ Kh8 31. Qxb7 Qxb7 32. Nxb7 Rd7 33. Bxd5 Rc7
34. Be4 Re7 35. Rd8+ 1-0

[Event "OGOLNOPOLSKA OLIMPIADA MLODZIEZY<br/>MISTRZOSTWA POLSKI JUNIOROW 2016 - D12"]
[Site "Olecko"]
[Date "2016-05-07"]
[Round "4.4"]
[White "Adamczyk, Zuzanna"]
[Black "Slusarczyk, Milena"]
[Result "0-1"]
[WhiteTitle "I"]
[BlackTitle "I"]
[WhiteElo "1642"]
[BlackElo "1372"]

1. d4 c5 2. e3 cxd4 3. exd4 d5 4. Bd3 Nf6 5. Nf3 Nc6 6. c3 e6 7. Bf4 Bd6 8. Bxd6
Qxd6 9. O-O O-O 10. Re1 Bd7 11. Ne5 Qc7 12. f4 a6 13. Nd2 Na7 14. g4 Bb5 15. Bc2
Nd7 16. Qf3 Nxe5 17. Rxe5 Nc6 18. Qh3 g6 19. Nf3 Nxe5 20. Ng5 Nf3+ 21. Qxf3 h6
22. Nh3 Qc4 23. Kf2 Kg7 24. b3 Qc7 25. f5 Qxh2+ 26. Qg2 Qxg2+ 27. Kxg2 exf5 28.
gxf5 Bd7 29. fxg6 Bxh3+ 30. Kxh3 fxg6 31. c4 dxc4 32. bxc4 Rf4 33. Rg1 g5 34.
Rg4 Rd8 35. d5 Rxg4 36. Kxg4 Rf8 37. Bf5 b6 38. a3 Kf6 39. Bd3 Ke5 40. Be2 Kd6
41. Kh5 Rf6 42. Bd1 Kc5 43. Be2 b5 44. cxb5 axb5 45. Kg4 b4 46. axb4+ Kxb4 47.
Kh5 Kc5 48. Kg4 Kxd5 49. Kh5 Ke5 50. Kg4 Rf8 51. Bd1 Kf6 52. Bc2 Rh8 53. Kh5 Rg8
54. Kg4 Ke5 55. Bd3 h5+ 56. Kg3 g4 57. Bc2 h4+ 58. Kg2 g3 59. Ba4 h3+ 0-1